Del tiempo y otros lugares /

I tiakina i:
Ngā taipitopito rārangi puna kōrero
Kaituhi matua: Ramos, Luis Arturo (autor)
Hōputu: Pukapuka
Reo:Pāniora
I whakaputaina: Jalapa, México : Amate, 1979, c1979
Ngā marau:
Ngā Tūtohu: Tāpirihia he Tūtohu
Kāore He Tūtohu, Me noho koe te mea tuatahi ki te tūtohu i tēnei pūkete!

MARC

LEADER 00000nam^a2200000^a^4500
001 000321226
005 20250521000000.0
009 20260310113537.04
025 |a Donación Alvaro Gómez Saborío, 1 ejemplar 
037 |a Acervo ITESO - Biblioteca 
041 |a ESP 
082 |a 863.  |b RAM 
100 |a Ramos, Luis Arturo  |e (autor) 
245 1 0 |a Del tiempo y otros lugares /  |c L.A. Ramos. 
264 4 |a Jalapa, México :  |b Amate,  |c 1979, c1979 
300 |a 99 p. 
336 |a texto  |b txt  |2 rdacontenido 
337 |a sin mediación  |b n  |2 rdamedio 
338 |a volumen  |b nc  |2 rdasoporte 
649 |a XX 
650 |a Cuentos Mexicanos 
650 |a Literatura Mexicana -  |y Siglo XXI 
910 |a Fondo General 
920 |a Impresos - Libros 
930 |a Colección General 
940 |a Literatura 
905 |a 101 
901 |a 0500208367  |b IT1  |c LIT  |i D  |u 20250521 
902 |a https://opac.biblio.iteso.mx/vufind/Record/000321226